000
00202nam a22000977a 4500
082
_a
690.5 BUI'L
245
_a
BUILDING FOR INDUSTRY
260
_a
USA
_b
F. W. DODGE
_c
1957
300
_a
309P
942
_c
BK
999
_c
568320
_d
568320